| 000 | 00541nam a22001577a 4500 | ||
|---|---|---|---|
| 999 |
_c534905 _d534905 |
||
| 020 | _qHard Cover. | ||
| 082 | _a621 | ||
| 100 | _aMuhammad Ameer Umar Malik. | ||
| 245 |
_aDevelopment of High Performance MEMS Accelerometer for Inertial Navigation _cMuhammad Ameer Umar Malik. |
||
| 260 |
_aIslamabad : _bCEME - NUST, _c2016. |
||
| 300 |
_ax, 57 p. : ill. ; _c30cm. |
||
| 942 |
_2ddc _cTHE |
||
| 650 |
_aMS Thesis Mechatronics Engineering _929296 |
||
| 700 |
_aDr. Umer Izahar. _929321 |
||